[Event "SRB-ch sf (Women)"]
[Site "Novi Banovci"]
[Date "2020.02.26"]
[Round "4"]
[White "Srdanovic, Jovana"]
[Black "Milosevic, Jovana"]
[Result "1-0"]
[WhiteElo "1988"]
[BlackElo "2075"]
[PlyCount "56"]
[EventDate "2020.02.24"]
[EventType "swiss"]
[EventRounds "9"]
[EventCountry "SRB"]
[SourceTitle "CBM 195 Extra"]
[Source "ChessBase"]
[SourceDate "2020.05.31"]
[SourceVersion "1"]
[SourceVersionDate "2020.05.31"]
[SourceQuality "1"]

1. d4 d5 2. c4 e6 3. Nf3 Nf6 4. e3 c5 5. dxc5 Bxc5 6. a3 0-0 7. b4 Be7 8. Bb2 a5 9. b5 b6 10. Nbd2 Bb7 11. Be2 Nbd7 12. 0-0 Rc8 13. Nd4 Re8 14. Rc1 e5 15. Nf5 Bf8 16. cxd5 g6 17. Ng3 Nxd5 18. Nc4 Qe7 19. Bf3 Qe6 20. h4 f6 21. e4 Ne7 22. Nd6 Rxc1 23. Bxc1 Rb8 24. Nxb7 Rxb7 25. Bg4 g5 26. hxg5 fxg5 27. Nf5 Nxf5 28. Bxf5 Qf7 1-0

[Event "SRB-ch sf (Women)"]
[Site "Novi Banovci"]
[Date "2020.02.25"]
[Round "3"]
[White "Milosevic, Jovana"]
[Black "Velikic, Adela"]
[Result "0-1"]
[WhiteElo "2075"]
[BlackElo "2294"]
[PlyCount "128"]
[EventDate "2020.02.24"]
[EventType "swiss"]
[EventRounds "9"]
[EventCountry "SRB"]
[SourceTitle "CBM 195 Extra"]
[Source "ChessBase"]
[SourceDate "2020.05.31"]
[SourceVersion "1"]
[SourceVersionDate "2020.05.31"]
[SourceQuality "1"]

1. Nf3 c5 2. e3 Nc6 3. d4 cxd4 4. exd4 d5 5. c4 Nf6 6. Nc3 Bg4 7. Be2 e6 8. c5 Be7 9. 0-0 0-0 10. Be3 Ne4 11. Nd2 Nxc3 12. bxc3 Bxe2 13. Qxe2 b6 14. Qb5 Qc7 15. cxb6 axb6 16. a4 Ra5 17. Qb3 Rfa8 18. c4 Bf6 19. cxd5 Rxd5 20. Rac1 Qb7 21. Nc4 Nxd4 22. Qxb6 Ne2+ 23. Kh1 Qd7 24. Rce1 Nc3 25. Qb3 Nxa4 26. Nb6 Nxb6 27. Qxb6 Rc8 28. Qb3 Rd3 29. Rd1 Rd8 30. Rxd3 Qxd3 31. Qxd3 Rxd3 32. Rc1 h6 33. Kg1 g5 34. Kf1 Kg7 35. Ke2 Rb3 36. Rc2 Kg6 37. Ra2 Rb1 38. h3 h5 39. f3 Be5 40. Rd2 Bg3 41. Rd1 Rb5 42. Rd8 Kf5 43. Rd1 Re5 44. Kd3 f6 45. Bc1 Bf4 46. g4+ Kg6 47. Rf1 f5 48. Kd4 Rd5+ 49. Kc4 Bxc1 50. Rxc1 h4 51. Re1 Kf6 52. Kc3 Re5 53. Rf1 Re2 54. f4 Re3+ 55. Kd2 Rxh3 56. gxf5 exf5 57. fxg5+ Kxg5 58. Ke2 Kg4 59. Rc1 Rh2+ 60. Ke3 f4+ 61. Ke4 Re2+ 62. Kd3 Re3+ 63. Kd2 h3 64. Rg1+ Rg3 0-1

[Event "SRB-ch sf (Women)"]
[Site "Novi Banovci"]
[Date "2020.02.24"]
[Round "1"]
[White "Gajcin, Marina"]
[Black "Milosevic, Jovana"]
[Result "1-0"]
[WhiteElo "2273"]
[BlackElo "2075"]
[PlyCount "81"]
[EventDate "2020.02.24"]
[EventType "swiss"]
[EventRounds "9"]
[EventCountry "SRB"]
[SourceTitle "CBM 195 Extra"]
[Source "ChessBase"]
[SourceDate "2020.05.31"]
[SourceVersion "1"]
[SourceVersionDate "2020.05.31"]
[SourceQuality "1"]

1. e4 e5 2. Nf3 Nc6 3. Bc4 Nf6 4. d3 Be7 5. 0-0 0-0 6. Re1 d6 7. a3 Be6 8. Nc3 Bg4 9. Be3 Nd4 10. Bxd4 exd4 11. Nd5 Nxd5 12. Bxd5 c6 13. Ba2 Bf6 14. h3 Bh5 15. g4 Bg6 16. Qd2 Qd7 17. Kg2 h5 18. g5 Bd8 19. Nh4 Kh8 20. f4 Qe7 21. f5 Qxg5+ 22. Qxg5 Bxg5 23. Nf3 Bf6 24. fxg6 fxg6 25. h4 Kh7 26. Rf1 Kh6 27. Rf2 a5 28. Raf1 Rfb8 29. Ng5 Bxg5 30. hxg5+ Kxg5 31. Rf7 Ra6 32. Rxg7 Kh6 33. Rd7 Rb6 34. Rxd6 Rxb2 35. Bb3 a4 36. Bxa4 Ra8 37. Bb3 Rxa3 38. Kh3 Ra5 39. Rxd4 Re5 40. Rd6 Rg5 41. Re1 1-0

[Event "Belgrade Trophy 33rd"]
[Site "Belgrade"]
[Date "2019.11.28"]
[Round "5"]
[White "Velickovic, Sasa"]
[Black "Milosevic, Jovana"]
[Result "1-0"]
[WhiteElo "2293"]
[BlackElo "2040"]
[PlyCount "87"]
[EventDate "2019.11.24"]
[EventType "swiss"]
[EventRounds "9"]
[EventCountry "SRB"]
[SourceTitle "CBM 193 Extra"]
[Source "ChessBase"]
[SourceDate "2020.01.31"]
[SourceVersion "1"]
[SourceVersionDate "2020.01.31"]
[SourceQuality "1"]

1. e4 c5 2. Nf3 d6 3. d4 cxd4 4. Nxd4 Nf6 5. Nc3 Bd7 6. g3 e5 7. Nb3 Bc6 8. Bg2 Be7 9. 0-0 0-0 10. Qe2 Nbd7 11. Rd1 a6 12. a4 b6 13. Be3 Qc7 14. Nd2 Bb7 15. Nb3 Rac8 16. f3 h6 17. Bh3 Ra8 18. Rd2 Nc5 19. Rad1 Nfd7 20. Qc4 Nf6 21. Nxc5 Bc8 22. Bxc8 Rfxc8 23. b4 dxc5 24. b5 axb5 25. Qxb5 Rd8 26. Qc4 Rdc8 27. Qb5 Rd8 28. Rxd8+ Rxd8 29. Rxd8+ Qxd8 30. Kf2 Qd6 31. Qb3 Bd8 32. Qc4 Be7 33. Nd5 Nxd5 34. Qxd5 Qxd5 35. exd5 f5 36. Ke2 Kf7 37. Kd3 g5 38. Kc4 Bd6 39. Kb5 Bc7 40. Kc6 Bd8 41. Kd7 Bf6 42. Kc7 e4 43. fxe4 fxe4 44. d6 1-0

[Event "SRB-ch (Women) 12th"]
[Site "Kragujevac"]
[Date "2018.03.19"]
[Round "3"]
[White "Milosevic, Jovana"]
[Black "Injac, Teodora"]
[Result "0-1"]
[WhiteElo "2109"]
[BlackElo "2291"]
[PlyCount "80"]
[EventDate "2018.03.17"]
[EventType "tourn"]
[EventRounds "9"]
[EventCountry "SRB"]
[SourceTitle "CBM 183 Extra"]
[Source "ChessBase"]
[SourceDate "2018.04.19"]
[SourceVersion "1"]
[SourceVersionDate "2018.04.19"]
[SourceQuality "1"]

1. Nf3 Nf6 2. c4 g6 3. Nc3 Bg7 4. e4 d6 5. d4 0-0 6. Be2 Na6 7. 0-0 e5 8. Be3 Ng4 9. Bg5 Qe8 10. h3 h6 11. Bc1 Nf6 12. dxe5 dxe5 13. Be3 Qe7 14. Qc1 Kh7 15. Nd5 Qd8 16. Nxf6+ Qxf6 17. b4 Nxb4 18. Bc5 Na6 19. Bxf8 Bxf8 20. Qc3 Bd6 21. Nd2 Nc5 22. Qe3 b6 23. Bg4 Bb7 24. g3 h5 25. Bf3 Bf8 26. Nb3 Qe6 27. g4 hxg4 28. hxg4 Qxc4 29. Nxc5 Bxc5 30. Qg5 Kg8 31. Rac1 Qd3 32. Qf6 Bxe4 33. Rc3 Qxc3 34. Bxe4 Qg3+ 35. Kh1 Qh3+ 36. Kg1 Qxg4+ 37. Bg2 Re8 38. Re1 e4 39. Qc6 Re6 40. Qd7 Qf4 0-1

[Event "SRB-chT (Women)"]
[Site "Novi Sad"]
[Date "2017.09.03"]
[Round "3.1"]
[White "Milosevic, Jovana"]
[Black "Videnova, Iva"]
[Result "0-1"]
[WhiteElo "2144"]
[BlackElo "2320"]
[PlyCount "128"]
[EventDate "2017.09.01"]
[EventType "team-tourn"]
[EventRounds "11"]
[EventCountry "SRB"]
[SourceTitle "CBM 180 Extra"]
[Source "ChessBase"]
[SourceDate "2017.10.06"]
[SourceVersion "1"]
[SourceVersionDate "2017.10.06"]
[SourceQuality "1"]
[WhiteTeam "Kostolac Rudar (W)"]
[BlackTeam "Rudovci Radnicki (W)"]
[WhiteTeamCountry "SRB"]
[BlackTeamCountry "SRB"]

1. Nf3 Nf6 2. c4 g6 3. Nc3 d5 4. cxd5 Nxd5 5. e4 Nxc3 6. dxc3 Qxd1+ 7. Kxd1 f6 8. e5 Bg4 9. Be2 Nc6 10. exf6 exf6 11. Be3 0-0-0+ 12. Ke1 Bg7 13. Nd4 Nxd4 14. Bxg4+ f5 15. Bd1 Nc6 16. Be2 Be5 17. f4 Bg7 18. Kf2 Ne7 19. Bf3 Nd5 20. Bxd5 Rxd5 21. Rad1 Rhd8 22. Ke2 Rb5 23. Rxd8+ Kxd8 24. Rd1+ Ke7 25. Rd2 Ra5 26. a3 Ra4 27. Kd3 Re4 28. c4 a6 29. b3 Ke6 30. Re2 Bf8 31. b4 b5 32. Rc2 Kd7 33. g3 Re6 34. Bd4 Re1 35. Be5 Bd6 36. Bc3 Re4 37. c5 Be7 38. a4 bxa4 39. Ra2 a5 40. Rxa4 Bxc5 41. Rxa5 Bxb4 42. Bxb4 Rxb4 43. Ra2 Kd6 44. Kc3 Re4 45. Rd2+ Kc6 46. Rd3 Re2 47. h4 h5 48. Kb4 Re4+ 49. Kb3 Kb5 50. Kc2 Rc4+ 51. Kb3 Rc6 52. Rd5+ Kb6 53. Kb4 Re6 54. Rb5+ Kc6 55. Rc5+ Kd6 56. Kb5 Kd7 57. Rc3 Rb6+ 58. Ka5 Rb1 59. Rd3+ Kc6 60. Ka4 Kc5 61. Rc3+ Kd4 62. Rc6 Rb6 63. Rxc7 Ke3 64. Ka5 Re6 0-1

[Event "SRB-chT (Women)"]
[Site "Novi Sad"]
[Date "2017.09.02"]
[Round "2.4"]
[White "Voiska, Margarita"]
[Black "Milosevic, Jovana"]
[Result "1/2-1/2"]
[WhiteElo "2272"]
[BlackElo "2144"]
[PlyCount "47"]
[EventDate "2017.09.01"]
[EventType "team-tourn"]
[EventRounds "11"]
[EventCountry "SRB"]
[SourceTitle "CBM 180 Extra"]
[Source "ChessBase"]
[SourceDate "2017.10.06"]
[SourceVersion "1"]
[SourceVersionDate "2017.10.06"]
[SourceQuality "1"]
[WhiteTeam "Nova Varos Zlatar (W)"]
[BlackTeam "Kostolac Rudar (W)"]
[WhiteTeamCountry "SRB"]
[BlackTeamCountry "SRB"]

1. d4 d5 2. Nf3 Nf6 3. e3 c5 4. Nbd2 e6 5. c3 Nc6 6. Bd3 Bd6 7. 0-0 0-0 8. e4 cxd4 9. cxd4 Nb4 10. Bb1 dxe4 11. Nxe4 Be7 12. Nxf6+ Bxf6 13. Be4 Nd5 14. Qb3 b6 15. Bxd5 Qxd5 16. Qxd5 exd5 17. Bf4 Bg4 18. Ne5 Bxe5 19. Bxe5 Rac8 20. Rac1 h6 21. f3 Rxc1 22. Rxc1 Rc8 23. Rxc8+ Bxc8 24. Kf2 1/2-1/2

[Event "SRB-chT (Women)"]
[Site "Novi Sad"]
[Date "2017.09.01"]
[Round "1.2"]
[White "Milosevic, Jovana"]
[Black "Marjanovic, Annamaria"]
[Result "0-1"]
[WhiteElo "2144"]
[BlackElo "2355"]
[PlyCount "110"]
[EventDate "2017.09.01"]
[EventType "team-tourn"]
[EventRounds "11"]
[EventCountry "SRB"]
[SourceTitle "CBM 180 Extra"]
[Source "ChessBase"]
[SourceDate "2017.10.06"]
[SourceVersion "1"]
[SourceVersionDate "2017.10.06"]
[SourceQuality "1"]
[WhiteTeam "Kostolac Rudar (W)"]
[BlackTeam "Novi Sad CC (W)"]
[WhiteTeamCountry "SRB"]
[BlackTeamCountry "SRB"]

1. Nf3 Nf6 2. c4 e6 3. d4 Bb4+ 4. Nbd2 d6 5. e3 Nc6 6. Be2 0-0 7. 0-0 Bxd2 8. Bxd2 Ne4 9. b4 f5 10. b5 Ne7 11. Bb4 a5 12. Ba3 b6 13. Bd3 Nf6 14. Qc2 Bb7 15. Nd2 Ng6 16. d5 Ng4 17. Nf3 N6e5 18. Nxe5 Nxe5 19. Bb2 Nxd3 20. Qxd3 Qg5 21. f4 Qg6 22. Rf3 Rf7 23. Rg3 Qh6 24. Qd4 Re8 25. Rf1 Ree7 26. dxe6 Qxe6 27. Qd3 Qe4 28. Qe2 Re6 29. Bc3 Rfe7 30. Qb2 Rg6 31. Rxg6 hxg6 32. Bd4 Qd3 33. Qb3 Qe2 34. Rf2 Qe1+ 35. Rf1 Qd2 36. c5+ Kf8 37. c6 Bc8 38. Qd5 Qc2 39. a3 Be6 40. Qf3 Bc4 41. Qh3 Kg8 42. Ra1 Bxb5 43. Qg3 Kf7 44. h4 Bxc6 45. h5 Re6 46. Qg5 Be4 47. Re1 c5 48. Ba1 Qd2 49. Qg3 Bc6 50. Kh2 b5 51. Rg1 Qe2 52. Rh1 Qxh5+ 53. Kg1 Qd1+ 54. Kh2 Qd2 55. Re1 b4 0-1

[Event "SRB-ch (Women) 11th"]
[Site "Zemun"]
[Date "2017.04.03"]
[Round "6"]
[White "Milosevic, Jovana"]
[Black "Djukic, Sandra"]
[Result "1/2-1/2"]
[WhiteElo "2085"]
[BlackElo "2165"]
[PlyCount "146"]
[EventDate "2017.03.29"]
[EventType "tourn"]
[EventRounds "9"]
[EventCountry "SRB"]
[SourceTitle "CBM 177 Extra"]
[Source "ChessBase"]
[SourceDate "2017.04.27"]
[SourceVersion "1"]
[SourceVersionDate "2017.04.27"]
[SourceQuality "1"]

1. Nf3 d5 2. d4 e6 3. c4 c6 4. Nc3 Nf6 5. e3 Nbd7 6. Bd3 dxc4 7. Bxc4 b5 8. Bd3 a6 9. 0-0 Bb7 10. e4 c5 11. d5 e5 12. Ne2 h6 13. Ng3 g6 14. b3 Bd6 15. h4 h5 16. Bg5 Qc7 17. Rc1 Rc8 18. Qe2 Qa5 19. Rc2 Kf8 20. Nd2 Kg7 21. Rfc1 Ne8 22. Be3 Qd8 23. Nf3 Qe7 24. Rb1 Rc7 25. Bd2 Ba8 26. Ra1 Nef6 27. Bg5 Rhc8 28. Nf1 Qf8 29. Qd2 Ng4 30. N1h2 Qh8 31. Qe2 Ngf6 32. Rac1 Qf8 33. Qd2 Qh8 34. Qe2 Qf8 35. Nf1 Nh7 36. Bd2 Re8 37. Ng5 Nxg5 38. hxg5 Qe7 39. Bc3 Qxg5 40. g3 Kg8 41. Bd2 Qe7 42. g4 h4 43. g5 Kg7 44. Qg4 Rh8 45. Be2 Bb7 46. Rc3 Bc8 47. Qg2 Nf8 48. Bg4 Qd8 49. R3c2 Bxg4 50. Qxg4 Rh5 51. Nh2 Nh7 52. Nf3 Qd7 53. Qg2 Rc8 54. Kh1 Rh8 55. Be3 Qe7 56. Qh3 Nxg5 57. Nxg5 Rxg5 58. Bxg5 Qxg5 59. Rg1 Qf4 60. Qg4 Qxg4 61. Rxg4 f6 62. Kh2 g5 63. Kh3 Kg6 64. Rg1 Rf8 65. f3 Kh5 66. Rcg2 Rf7 67. Kh2 Rf8 68. Kh3 Rf7 69. Kh2 Ra7 70. Rb1 Kg6 71. Kh3 Rf7 72. Rbg1 Kh5 73. Kh2 Ra7 1/2-1/2

[Event "SRB-ch (Women) 11th"]
[Site "Zemun"]
[Date "2017.04.01"]
[Round "4"]
[White "Milosevic, Jovana"]
[Black "Miladinovic, Lena"]
[Result "1/2-1/2"]
[WhiteElo "2085"]
[BlackElo "2168"]
[PlyCount "74"]
[EventDate "2017.03.29"]
[EventType "tourn"]
[EventRounds "9"]
[EventCountry "SRB"]
[SourceTitle "CBM 177 Extra"]
[Source "ChessBase"]
[SourceDate "2017.04.27"]
[SourceVersion "1"]
[SourceVersionDate "2017.04.27"]
[SourceQuality "1"]

1. Nf3 c5 2. c4 Nf6 3. Nc3 e6 4. g3 Nc6 5. Bg2 d5 6. cxd5 Nxd5 7. 0-0 Be7 8. Nxd5 exd5 9. d4 0-0 10. Be3 c4 11. b3 b5 12. a4 Na5 13. axb5 Nxb3 14. Ne5 Nxa1 15. Nc6 Qd7 16. Bxd5 Bf6 17. Bxc4 a6 18. Qxa1 axb5 19. Qxa8 Bb7 20. Ne5 Bxe5 21. Qa2 bxc4 22. dxe5 Qd5 23. f3 Qxe5 24. Kf2 Re8 25. Qd2 Ba6 26. Rc1 h5 27. Qd4 Qb5 28. Rc2 Qa4 29. Rc1 Qb3 30. Qc3 Qb5 31. Ra1 Re6 32. Ra5 Qb3 33. Ra3 Qd1 34. Ra1 Qd6 35. Rc1 h4 36. Qd4 hxg3+ 37. hxg3 Qxd4 1/2-1/2

[Event "SRB-ch sf Belgrade-ch (Women)"]
[Site "Belgrade"]
[Date "2017.01.31"]
[Round "9"]
[White "Milosevic, Jovana"]
[Black "Nestorovic, Katarina"]
[Result "0-1"]
[WhiteElo "2096"]
[BlackElo "1928"]
[PlyCount "90"]
[EventDate "2017.01.23"]
[EventType "tourn"]
[EventRounds "9"]
[EventCountry "SRB"]
[SourceTitle "EXT 2018"]
[Source "ChessBase"]
[SourceDate "2017.10.13"]
[SourceVersion "1"]
[SourceVersionDate "2017.10.13"]
[SourceQuality "1"]

1. Nf3 Nf6 2. c4 e6 3. Nc3 Bb4 4. Qc2 c5 5. a3 Ba5 6. e3 0-0 7. Rb1 Nc6 8. d4 d6 9. Bd3 b6 10. 0-0 Bxc3 11. Qxc3 a5 12. b3 Qe7 13. Bb2 Re8 14. d5 Nb8 15. Ng5 e5 16. f4 h6 17. fxe5 dxe5 18. Ne4 Ng4 19. Nf2 Qg5 20. Nxg4 Bxg4 21. Be4 f5 22. Bf3 Nd7 23. e4 f4 24. Kh1 Nf6 25. Qd3 Nh5 26. Bxg4 Qxg4 27. Rf3 Rad8 28. Bc3 Qd7 29. Rh3 Nf6 30. Re1 Kh7 31. Rf3 g5 32. Rff1 h5 33. Bd2 Kg6 34. Kg1 h4 35. Bc1 Rh8 36. Bd2 Rh7 37. h3 Rg7 38. Kf2 Kf7 39. Ke2 g4 40. Kd1 gxh3 41. gxh3 Rg3 42. Rf3 Qxh3 43. Ref1 Ng4 44. Rxf4+ Kg8 45. R1f3 Nf2+ 0-1

[Event "Belgrade-ch sf (Women)"]
[Site "Belgrade"]
[Date "2017.01.25"]
[Round "3"]
[White "Milosevic, Jovana"]
[Black "Velikic, Adela"]
[Result "1/2-1/2"]
[WhiteElo "2096"]
[BlackElo "2194"]
[PlyCount "32"]
[EventDate "2017.01.23"]
[EventType "swiss"]
[EventRounds "7"]
[EventCountry "SRB"]
[SourceTitle "CBM 176 Extra"]
[Source "ChessBase"]
[SourceDate "2017.03.02"]
[SourceVersion "1"]
[SourceVersionDate "2017.03.02"]
[SourceQuality "1"]

1. e4 e6 2. d4 d5 3. exd5 exd5 4. Bd3 Nc6 5. c3 Bd6 6. h3 Nge7 7. Ne2 Bf5 8. Bf4 Bxf4 9. Nxf4 Qd6 10. Qf3 Bxd3 11. Nxd3 Qe6+ 12. Qe2 Qxe2+ 13. Kxe2 0-0-0 14. Re1 Nf5 15. Kf1 Nd6 16. Nd2 Rhe8 1/2-1/2

[Event "Belgrade-chT"]
[Site "Belgrade"]
[Date "2016.10.14"]
[Round "6.5"]
[White "Jelic, Goran"]
[Black "Milosevic, Jovana"]
[Result "1/2-1/2"]
[WhiteElo "2207"]
[BlackElo "2081"]
[PlyCount "39"]
[EventDate "2016.10.08"]
[EventType "team-tourn"]
[EventRounds "13"]
[EventCountry "SRB"]
[SourceTitle "EXT 2017"]
[Source "ChessBase"]
[SourceDate "2016.10.25"]
[SourceVersion "1"]
[SourceVersionDate "2016.10.25"]
[SourceQuality "1"]
[WhiteTeam "Bogoslov"]
[BlackTeam "Grocka"]
[WhiteTeamCountry "SRB"]
[BlackTeamCountry "SRB"]

1. Nf3 d5 2. g3 c6 3. Bg2 Nf6 4. b3 Bg4 5. Bb2 Nbd7 6. d3 e6 7. Nbd2 Bd6 8. e4 e5 9. h3 Bh5 10. g4 Bg6 11. Nh4 Nc5 12. Nf5 Bxf5 13. exf5 Qc7 14. g5 Nfd7 15. a4 a5 16. Qg4 0-0-0 17. h4 f6 18. 0-0-0 Na6 19. g6 h6 20. Nb1 1/2-1/2

[Event "Belgrade-chT"]
[Site "Belgrade"]
[Date "2016.10.10"]
[Round "3.2"]
[White "Milosevic, Jovana"]
[Black "Peovic, Milos"]
[Result "1-0"]
[WhiteElo "2081"]
[BlackElo "2167"]
[PlyCount "85"]
[EventDate "2016.10.08"]
[EventType "team-tourn"]
[EventRounds "13"]
[EventCountry "SRB"]
[SourceTitle "EXT 2017"]
[Source "ChessBase"]
[SourceDate "2016.10.25"]
[SourceVersion "1"]
[SourceVersionDate "2016.10.25"]
[SourceQuality "1"]
[WhiteTeam "Grocka"]
[BlackTeam "Belgrade Sigurnost"]
[WhiteTeamCountry "SRB"]
[BlackTeamCountry "SRB"]

1. Nf3 Nf6 2. c4 c5 3. d4 g6 4. Nc3 Bg7 5. e4 cxd4 6. Nxd4 d6 7. Be2 0-0 8. 0-0 Nc6 9. Be3 Bd7 10. Qd2 Qb8 11. f3 Rc8 12. Rfc1 Nxd4 13. Bxd4 Be6 14. Nd5 Bxd5 15. exd5 a6 16. Rc3 Qc7 17. Bf1 Qa5 18. Qf2 Qd8 19. Rb3 Qd7 20. Re1 Re8 21. Qd2 Reb8 22. Bb6 Kf8 23. Qa5 Rc8 24. Qd2 Ng8 25. Qe3 Bh6 26. Qe4 Bg5 27. f4 Bh6 28. Rh3 Bg7 29. b3 h6 30. Rf3 Bf6 31. Bd3 Re8 32. f5 g5 33. h4 Be5 34. hxg5 hxg5 35. Qg4 Bf6 36. Be3 Bc3 37. Rc1 Bg7 38. Bxg5 Nf6 39. Qh4 Rec8 40. Bh6 Ng8 41. Bxg7+ Kxg7 42. Rg3+ Kf8 43. Qh8 1-0

[Event "SRB-chT2 East CS"]
[Site "Kragujevac"]
[Date "2016.08.26"]
[Round "1.27"]
[White "Petrovic, Tamara"]
[Black "Milosevic, Jovana"]
[Result "0-1"]
[WhiteElo "1912"]
[BlackElo "2081"]
[PlyCount "62"]
[EventDate "2016.08.26"]
[EventType "team-tourn"]
[EventRounds "11"]
[EventCountry "SRB"]
[SourceTitle "EXT 2021"]
[Source "ChessBase"]
[SourceDate "2020.10.23"]
[SourceVersion "1"]
[SourceVersionDate "2020.10.23"]
[SourceQuality "1"]

1. e4 d6 2. d4 Nf6 3. Nc3 e5 4. dxe5 dxe5 5. Qxd8+ Kxd8 6. Bg5 c6 7. Nf3 Nbd7 8. Bc4 Ke8 9. a3 h6 10. Bxf6 gxf6 11. Nh4 a5 12. 0-0 Bc5 13. Ne2 Nb6 14. Bd3 Be6 15. Ng3 Kd7 16. Rfd1 Kc7 17. Be2 Na4 18. b3 Nc3 19. Rd2 Bxa3 20. Rd3 Bb2 21. Re1 b5 22. Rf3 a4 23. bxa4 bxa4 24. Rxf6 a3 25. Rxe6 fxe6 26. Bc4 a2 27. Bxa2 Rxa2 28. Ng6 Rha8 29. Nxe5 Ra1 30. Nd3 Rxe1+ 31. Nxe1 Ra1 0-1

[Event "SRB-ch (Women) 10th"]
[Site "Kragujevac"]
[Date "2016.04.26"]
[Round "7"]
[White "Kovacevic, Radmila"]
[Black "Milosevic, Jovana"]
[Result "0-1"]
[WhiteElo "2116"]
[BlackElo "2052"]
[PlyCount "102"]
[EventDate "2016.04.20"]
[EventType "tourn"]
[EventRounds "9"]
[EventCountry "SRB"]
[SourceTitle "CBM 172 Extra"]
[Source "ChessBase"]
[SourceDate "2016.06.21"]
[SourceVersion "1"]
[SourceVersionDate "2016.06.21"]
[SourceQuality "1"]

1. e4 d6 2. d4 Nf6 3. Nc3 e5 4. Nf3 Nbd7 5. a4 a5 6. Bc4 exd4 7. Nxd4 Nb6 8. Ba2 Be7 9. 0-0 0-0 10. Nf5 Bxf5 11. exf5 d5 12. Qf3 c6 13. g4 Nfd7 14. Qg3 Nc5 15. Bf4 Nc8 16. g5 Bd6 17. Rad1 Bxf4 18. Qxf4 Qd6 19. Qg4 Nb6 20. Rfe1 Rfe8 21. h4 Ncd7 22. f4 Qc5+ 23. Kg2 Nc4 24. Bxc4 Qxc4 25. f6 Ne5 26. Qg3 Ng6 27. Rxe8+ Rxe8 28. Rf1 d4 29. f5 dxc3 30. fxg6 hxg6 31. b3 Qe4+ 32. Rf3 Qxc2+ 33. Kh3 Qxb3 34. Rxc3 Qxa4 35. Rf3 Qe4 36. Qf2 Qe6+ 37. Kg3 Qe1 38. Qxe1 Rxe1 39. Rd3 Re8 40. Rd7 Rb8 41. h5 gxh5 42. g6 gxf6 43. Rxf7 a4 44. Kh4 a3 45. Kxh5 a2 46. Kh6 a1Q 47. Rg7+ Kf8 48. Rf7+ Ke8 49. Rh7 Qh1+ 50. Kg7 Qxh7+ 51. Kxh7 Ke7 0-1

[Event "SRB-ch sf (Women)"]
[Site "Belgrade"]
[Date "2016.03.26"]
[Round "6"]
[White "Milosevic, Jovana"]
[Black "Miljkovic, Jovana"]
[Result "0-1"]
[WhiteElo "2117"]
[BlackElo "1916"]
[PlyCount "58"]
[EventDate "2016.03.21"]
[EventType "swiss"]
[EventRounds "9"]
[EventCountry "SRB"]
[SourceTitle "CBM 171 Extra"]
[Source "ChessBase"]
[SourceDate "2016.04.26"]
[SourceVersion "1"]
[SourceVersionDate "2016.04.26"]
[SourceQuality "1"]

1. e4 c5 2. Nf3 d6 3. Bc4 Nf6 4. d3 e6 5. 0-0 Be7 6. Bb3 0-0 7. c3 Nc6 8. Re1 Qc7 9. d4 e5 10. d5 Nb8 11. c4 Ne8 12. Bc2 Na6 13. Nc3 f5 14. exf5 Bxf5 15. Ng5 Bxg5 16. Bxg5 Qf7 17. Be4 Qg6 18. Qd2 h6 19. Bh4 Bxe4 20. Nxe4 Rf4 21. Nxd6 Nxd6 22. Bg3 Rg4 23. b3 Ne4 24. Qd3 Nb4 25. Qb1 Nxg3 26. Qxg6 Rxg6 27. Rxe5 Nd3 28. Re3 Ne2+ 29. Kf1 Nec1 0-1

[Event "SRB-ch sf (Women)"]
[Site "Belgrade"]
[Date "2016.03.22"]
[Round "2"]
[White "Milosevic, Jovana"]
[Black "Tomin, Ksenija"]
[Result "1/2-1/2"]
[WhiteElo "2117"]
[BlackElo "2010"]
[PlyCount "111"]
[EventDate "2016.03.21"]
[EventType "swiss"]
[EventRounds "9"]
[EventCountry "SRB"]
[SourceTitle "CBM 171 Extra"]
[Source "ChessBase"]
[SourceDate "2016.04.26"]
[SourceVersion "1"]
[SourceVersionDate "2016.04.26"]
[SourceQuality "1"]

1. d4 Nf6 2. Nf3 e6 3. Bf4 b6 4. e3 Bb7 5. Bd3 Be7 6. h3 d5 7. Nbd2 0-0 8. 0-0 c5 9. c3 Nbd7 10. Qe2 c4 11. Bc2 b5 12. e4 dxe4 13. Nxe4 Nxe4 14. Bxe4 Bxe4 15. Qxe4 Nf6 16. Qe2 Nd5 17. Be5 Bd6 18. a4 Bxe5 19. dxe5 a6 20. axb5 axb5 21. Rxa8 Qxa8 22. Nd4 Nf4 23. Qg4 Qe4 24. Nf3 Ne2+ 25. Kh2 Qxg4 26. hxg4 Nf4 27. Rb1 Nd3 28. Kg3 g6 29. b3 Ra8 30. bxc4 bxc4 31. Nd2 Ra3 32. Ne4 Nxe5 33. f4 Nxg4 34. Kxg4 f5+ 35. Kg5 fxe4 36. Kf6 Ra8 37. Kxe6 Rd8 38. Re1 e3 39. Kf6 Rd3 40. Ke5 Rxc3 41. Kd4 Rc2 42. Rxe3 Rxg2 43. Kxc4 Rf2 44. Re4 Kf7 45. Kd4 Rf3 46. Ke5 h5 47. Re1 Ra3 48. Re2 Ra5+ 49. Ke4 Kf6 50. Rb2 Kg7 51. Rb3 Kh6 52. Kf3 Rf5 53. Kg3 Ra5 54. Rc3 Rb5 55. Ra3 Rc5 56. Rb3 1/2-1/2

[Event "SRB-ch sf (Women)"]
[Site "Belgrade"]
[Date "2016.03.21"]
[Round "1"]
[White "Ostojic, Katarina"]
[Black "Milosevic, Jovana"]
[Result "1-0"]
[WhiteElo "1903"]
[BlackElo "2117"]
[PlyCount "77"]
[EventDate "2016.03.21"]
[EventType "swiss"]
[EventRounds "9"]
[EventCountry "SRB"]
[SourceTitle "CBM 171 Extra"]
[Source "ChessBase"]
[SourceDate "2016.04.26"]
[SourceVersion "1"]
[SourceVersionDate "2016.04.26"]
[SourceQuality "1"]

1. d4 d5 2. c4 c6 3. Nc3 Nf6 4. Nf3 e6 5. e3 Nbd7 6. Qc2 Be7 7. Be2 0-0 8. 0-0 dxc4 9. a4 Qa5 10. Bxc4 b5 11. Bd3 Bb7 12. Bd2 b4 13. Ne4 c5 14. Nxf6+ Nxf6 15. dxc5 Rac8 16. Qb3 Bxc5 17. Rfc1 Rfd8 18. Be1 Bd6 19. Qd1 Rxc1 20. Rxc1 g6 21. h3 Qd5 22. Be2 Qe4 23. Qc2 Qxc2 24. Rxc2 Bd5 25. Nd4 Kg7 26. Bf3 Bxf3 27. Nxf3 e5 28. Rd2 e4 29. Ne5 Ne8 30. Nc4 a5 31. Nxa5 Rc8 32. Kf1 Rc1 33. Nb3 Rc6 34. Ke2 f5 35. Nd4 Ra6 36. b3 Nf6 37. Nb5 Be5 38. Rc2 Nd5 39. Rc5 1-0